Security Analysis and Portfalio Management. (Record no. 287)

MARC details
000 -LEADER
fixed length control field 00430nam a22001697a 4500
005 - DATE AND TIME OF LATEST TRANSACTION
control field 20180312140954.0
008 - FIXED-LENGTH DATA ELEMENTS--GENERAL INFORMATION
fixed length control field 160429b xxu||||| |||| 00| 0 eng d
020 ## - INTERNATIONAL STANDARD BOOK NUMBER
ISBN 978-81-7446-580-1
041 ## - LANGUAGE CODE
Language code of text/sound track or separate title eng
082 ## - DEWEY DECIMAL CLASSIFICATION NUMBER
Item number 00893
Classification number 332.6
100 ## - MAIN ENTRY--AUTHOR NAME
Personal name Bhat Sudhindra
245 ## - TITLE STATEMENT
Title Security Analysis and Portfalio Management.
260 ## - PUBLICATION, DISTRIBUTION, ETC. (IMPRINT)
Place of publication New Delhi
Name of publisher Excel Books,
Year of publication 2008
300 ## - PHYSICAL DESCRIPTION
Number of Pages 681
650 ## - SUBJECT ADDED ENTRY--TOPICAL TERM
Topical Term Management
942 ## - ADDED ENTRY ELEMENTS (KOHA)
Koha item type Books
Holdings
Lost status Damaged status Collection code Home library Current library Shelving location Date acquired Cost, normal purchase price Full call number Accession Number Koha item type
    Reference JRU Library   SHELF-28-A 29/04/2016 370.00 332.6 00893 Books
    MANAGEMENT JRU Library JRU Library SHELF-59-B 29/04/2016 370.00 332.6 00894 Books